The Books of the Bible (in order) - Statistics

General Stats
  • This quiz has been taken 696 times
  • The average score is 32 of 66
Answer Stats
Hint Answer % Correct
1 Genesis
98%
2 Exodus
91%
43 John
87%
40 Matthew
85%
42 Luke
82%
3 Leviticus
81%
41 Mark
80%
4 Numbers
78%
5 Deuteronomy
75%
19 Psalms
74%
8 Ruth
71%
66 Revelation
68%
18 Job
67%
44 Acts
58%
6 Joshua
58%
11 1 Kings
57%
45 Romans
57%
12 2 Kings
56%
17 Esther
56%
7 Judges
56%
20 Proverbs
55%
9 1 Samuel
50%
10 2 Samuel
50%
46 1 Corinthians
48%
62 1 John
46%
14 2 Chronicles
46%
47 2 Corinthians
46%
63 2 John
46%
27 Daniel
46%
23 Isaiah
46%
13 1 Chronicles
45%
26 Ezekiel
45%
15 Ezra
45%
59 James
43%
24 Jeremiah
43%
22 Song of Solomon
43%
64 3 John
42%
49 Ephesians
41%
60 1 Peter
40%
21 Ecclesiastes
40%
65 Jude
40%
16 Nehemiah
40%
61 2 Peter
39%
48 Galatians
37%
58 Hebrews
37%
30 Amos
36%
32 Jonah
36%
25 Lamentations
36%
39 Malachi
36%
51 Colossians
34%
35 Habakkuk
34%
54 1 Timothy
33%
55 2 Timothy
33%
50 Philippians
33%
56 Titus
33%
28 Hosea
32%
31 Obadiah
32%
52 1 Thessalonians
31%
33 Micah
31%
53 2 Thessalonians
30%
29 Joel
30%
34 Nahum
29%
57 Philemon
29%
36 Zephaniah
29%
38 Zechariah
28%
37 Haggai
26%
No matching quizzes found
Score Distribution
Percent of People with Each Score
Percentile by Number Answered
Your Score History
You have not taken this quiz